CS:GO Teams - Statistiken

Allgemein
  • Dieses Quiz wurde 72 mal gespielt
  • Das Durchschnittsergebnis liegt bei 11 aus 16
Antwortstatistiken
Bildquiz Antwort % Korrekt
Team LDLC
97%
Vox Eminor
97%
9INE
87%
SK Gaming
85%
Titan
85%
Dignitas
82%
Gambit Esports
80%
Evil Geniuses
73%
Team Envy
70%
OpTic Gaming
68%
Copenhagen Flames
62%
FlipSid3 Tactics
55%
PENTA Sports
45%
LGB Esports
40%
Clan-Mystik
27%
VeryGames
27%
Keine übereinstimmenden Quizze gefunden
Verteilung der Resultate
Anzahl Personen mit jedem Resultat
Perzentil nach korrekt beantworteten Fragen
Ihre Resultats-Entwicklung
Sie haben dieses Quiz noch nicht gespielt